Normal view
MARC view
Entry Personal Name
001 - CONTROL NUMBER
- control field: 1238125
003 - CONTROL NUMBER IDENTIFIER
- control field: OSt
005 - DATE AND TIME OF LATEST TRANSACTION
- control field: 20260430150645.0
008 - FIXED-LENGTH DATA ELEMENTS
- fixed length control field: 260430|| aca||aabn | a|a d
040 ## - CATALOGING SOURCE
- Original cataloging agency: OSt
- Transcribing agency: OSt
100 ## - HEADING--PERSONAL NAME
- Personal name: Naaz Fahmina Au.; D. Uma Devi Gu
670 ## - SOURCE DATA FOUND
- Source citation: Work cat.: (OSt)1850317: Naaz Fahmina Au.; D. Uma Devi Gu., A Study of Family And Mother-Daughter Relation in Contemporary Russian Women‘S Writing: an Analysis of Selected Works At The Turn of Xx–Xxi Century, 2023
